[Event "Reykjavik Open"]
[Site "Reykjavik ISL"]
[Date "2012.03.06"]
[Round "1.43"]
[White "Mozelius, Peter"]
[Black "Arngrimsson, Dagur"]
[Result "0-1"]
[BlackTitle "IM"]
[WhiteElo "1882"]
[BlackElo "2361"]
[WhiteFideId "1709704"]
[BlackFideId "2301288"]
[EventDate "2012.03.06"]

1. Nf3 Nf6 2. g3 b6 3. Bg2 Bb7 4. O-O e6 5. d3 d5 6. Nbd2 Be7 7. b3 c5 8. Bb2
O-O 9. Ne5 Qc7 10. e3 Nfd7 11. f4 Nc6 12. Nxd7 Qxd7 13. Qg4 d4 14. e4 Nb4 15.
Rfc1 b5 16. a3 Nc6 17. Rf1 f5 18. Qe2 Rae8 19. Qf2 Bd8 20. Rfe1 Bb6 21. Kh1 fxe4
22. Nxe4 e5 23. Bc1 c4 24. b4 a5 25. Qe2 axb4 26. Qh5 bxa3 27. Bxa3 b4 28. Rab1
exf4 29. Bxb4 Ne5 30. Nf6+ Rxf6 31. Rxe5 Rxe5 32. Qxe5 Bc7 33. Qg5 Bxg2+ 34.
Kxg2 fxg3 35. hxg3 Qc6+ 36. Kh2 Rf2+ 37. Kh3 Qg2+ 38. Kg4 Qxg3+ 0-1

[Event "Reykjavik Open"]
[Site "Reykjavik ISL"]
[Date "2012.03.06"]
[Round "1.44"]
[White "Moen, Andreas"]
[Black "Andersen, Daniel"]
[Result "1-0"]
[WhiteTitle "FM"]
[BlackTitle "FM"]
[WhiteElo "2360"]
[BlackElo "1879"]
[WhiteFideId "1501453"]
[BlackFideId "1402714"]
[EventDate "2012.03.06"]

1. e4 e6 2. d4 d5 3. Nd2 c5 4. Ngf3 cxd4 5. exd5 Qxd5 6. Bc4 Qd6 7. O-O Nf6 8.
Nb3 Nc6 9. Nbxd4 Nxd4 10. Nxd4 Bd7 11. Be2 a6 12. c4 Qc7 13. Qc2 Bd6 14. h3 Bh2+
15. Kh1 Bf4 16. b4 Bxc1 17. Raxc1 Qf4 18. Qc3 e5 19. Nf3 e4 20. Nd4 O-O 21. c5
Rfe8 22. Bc4 e3 23. fxe3 Qxe3 24. Nf5 Qxc3 25. Rxc3 Ne4 26. Nd6 Nxc3 27. Bxf7+
Kf8 28. Bxe8+ Ke7 29. Rf7+ 1-0

[Event "Reykjavik Open"]
[Site "Reykjavik ISL"]
[Date "2012.03.06"]
[Round "1.46"]
[White "Kjartansson, Gudmundur"]
[Black "Ingason, Sigurdur"]
[Result "1-0"]
[WhiteTitle "IM"]
[WhiteElo "2357"]
[BlackElo "1878"]
[WhiteFideId "2301318"]
[BlackFideId "2301709"]
[EventDate "2012.03.06"]

1. Nf3 f5 2. g3 Nf6 3. Bg2 d6 4. d4 e6 5. c4 Be7 6. Nc3 O-O 7. O-O a5 8. Qc2 Nc6
9. b3 Qe8 10. e4 Nb4 11. Qe2 fxe4 12. Nxe4 Nxe4 13. Qxe4 e5 14. dxe5 dxe5 15.
Bb2 Bd6 16. c5 Bf5 17. Qc4+ Be6 18. Qe2 Bxc5 19. Qxe5 Qe7 20. Nd4 Bd5 21. Bxd5+ 1-0

[Event "Reykjavik Open"]
[Site "Reykjavik ISL"]
[Date "2012.03.06"]
[Round "1.47"]
[White "Jonsson, Olafur Gisli"]
[Black "Coleman, Teddy"]
[Result "0-1"]
[BlackTitle "FM"]
[WhiteElo "1877"]
[BlackElo "2356"]
[WhiteFideId "2302705"]
[BlackFideId "2022010"]
[EventDate "2012.03.06"]

1. d4 d5 2. Nf3 Nf6 3. c4 c6 4. e3 Bf5 5. Nc3 e6 6. Qb3 Qc7 7. Bd2 Nbd7 8. Rc1
Rc8 9. h3 h6 10. Be2 Be7 11. O-O O-O 12. Rfd1 Qb8 13. Be1 dxc4 14. Bxc4 b5 15.
Bd3 Bxd3 16. Rxd3 a6 17. Rdd1 c5 18. d5 c4 19. Qc2 Nc5 20. dxe6 Nxe6 21. Nd5
Nxd5 22. Rxd5 Rfd8 23. Rcd1 Rxd5 24. Rxd5 b4 25. Ne5 Qc7 26. Qf5 Bf6 27. Bxb4
Qb7 28. Rd7 Qxb4 29. Nxf7 Ng5 30. Nxh6+ Kh8 31. h4 Rc5 32. Qg6 Qe1+ 33. Kh2 Be5+
34. f4 Qxh4+ 35. Kg1 Bf6 36. Nf5 Rxf5 37. Qxf5 Qe1+ 38. Kh2 Qxe3 39. Qg4 Qe6 40.
Qh5+ Kg8 41. Rb7 Nf7 42. Qf3 Nh6 43. Rb8+ Kh7 44. Qa8 Qe2 45. Rh8+ Kg6 46. Qd5
Ng4+ 47. Kg3 Ne3 48. Qa8 Nf1+ 49. Kh3 Qe3+ 50. Qf3 Qxf3+ 51. gxf3 Bxb2 52. Kg2
c3 0-1

[Event "Reykjavik Open"]
[Site "Reykjavik ISL"]
[Date "2012.03.06"]
[Round "1.48"]
[White "Kiewra, Keaton F"]
[Black "Ledent, Philippe"]
[Result "1-0"]
[WhiteTitle "FM"]
[WhiteElo "2355"]
[BlackElo "1876"]
[WhiteFideId "2019280"]
[BlackFideId "218227"]
[EventDate "2012.03.06"]

1. e4 e6 2. d4 d5 3. Nd2 Nf6 4. e5 Nfd7 5. c3 c5 6. Bd3 Nc6 7. Ngf3 cxd4 8. cxd4
f6 9. exf6 Nxf6 10. O-O Bd6 11. b3 O-O 12. Bb2 Bd7 13. Re1 Qc7 14. Ne5 Rae8 15.
Rc1 Qd8 16. Ndf3 Qe7 17. Ng5 Nd8 18. Re3 g6 19. Rh3 Bxe5 20. dxe5 Nh5 21. Rxh5
gxh5 22. Nxh7 Qf7 23. Nf6+ Kh8 24. Rc7 Re7 25. Ba3 Nc6 26. Bxe7 Nxe5 27. Bxf8
Qxf6 28. Ba3 Nxd3 29. Qxd3 Qd8 30. Rc1 1-0

[Event "Reykjavik Open"]
[Site "Reykjavik ISL"]
[Date "2012.03.06"]
[Round "1.49"]
[White "Gunnlaugsson, Gisli"]
[Black "Vuilleumier, Alexandre"]
[Result "0-1"]
[BlackTitle "IM"]
[WhiteElo "1875"]
[BlackElo "2350"]
[WhiteFideId "2301776"]
[BlackFideId "1305662"]
[EventDate "2012.03.06"]

1. e4 c5 2. Nf3 d6 3. Nc3 Nf6 4. g3 g6 5. Bg2 Bg7 6. O-O O-O 7. d3 Nc6 8. h3 Rb8
9. a4 a6 10. Be3 b5 11. axb5 axb5 12. Qd2 b4 13. Ne2 Bb7 14. Bh6 d5 15. Bxg7
Kxg7 16. exd5 Qxd5 17. Nfd4 Qd7 18. Nxc6 Bxc6 19. Bxc6 Qxc6 20. f4 e6 21. b3
Rfd8 22. Qe3 Rd5 23. Qf3 Rbd8 24. Kg2 Qc7 25. g4 R5d6 26. Ra8 Rxa8 27. Qxa8 Nd5
28. Qa1+ Kg8 29. Rf3 Rd8 30. Qe5 Qxe5 31. fxe5 Ra8 32. Ng3 Ra1 33. Ne4 Rc1 34.
Rf2 Ne3+ 35. Kg3 Nxc2 36. Nxc5 Ne1 37. d4 Rc3+ 38. Kf4 Nd3+ 39. Nxd3 Rxd3 40.
Rf3 Rxd4+ 41. Ke3 Rd5 42. Ke4 Kg7 43. g5 Rd1 44. h4 Rh1 45. Rf4 Rh3 46. Kd4 Rxb3
47. Kc4 0-1

[Event "Reykjavik Open"]
[Site "Reykjavik ISL"]
[Date "2012.03.06"]
[Round "1.50"]
[White "Sigfusson, Sigurdur"]
[Black "Johannsdottir, Johanna Bjorg"]
[Result "1-0"]
[WhiteTitle "FM"]
[WhiteElo "2346"]
[BlackElo "1864"]
[WhiteFideId "2300168"]
[BlackFideId "2303108"]
[EventDate "2012.03.06"]

1. e4 c5 2. Nf3 g6 3. Nc3 Bg7 4. Bc4 Nc6 5. O-O e6 6. d4 cxd4 7. Nb5 d6 8. Nfxd4
Nxd4 9. Nxd4 a6 10. c3 Ne7 11. Bg5 h6 12. Bh4 O-O 13. a4 Qc7 14. Qb3 Nc6 15.
Nxc6 bxc6 16. Bg3 Qd7 17. f4 d5 18. Bd3 Bb7 19. f5 dxe4 20. fxe6 Qxd3 21. exf7+
Kh7 22. Qxb7 Qe3+ 23. Bf2 Qg5 24. Qxc6 Rab8 25. Qxe4 Rxf7 26. h4 Qd2 27. Be3
Rxf1+ 28. Rxf1 Qxb2 29. h5 Qxc3 30. Rf7 Kg8 31. Rxg7+ Qxg7 32. Bd4 Qf7 33. hxg6
Qb3 34. Qe5 Kf8 35. Qd6+ Kg8 36. Qe5 Kf8 37. Qf6+ Ke8 38. Qc6+ Kf8 39. Qf6+ Ke8
40. Qc6+ Kf8 41. Kh2 Rd8 42. Qf6+ Ke8 43. Qc6+ Kf8 44. Qc5+ Kg8 45. Qe7 Rxd4 46.
Qh7+ Kf8 47. g7+ 1-0

[Event "Reykjavik Open"]
[Site "Reykjavik ISL"]
[Date "2012.03.06"]
[Round "1.53"]
[White "De Winter, Eric"]
[Black "Mertens, Heiko"]
[Result "0-1"]
[WhiteElo "1852"]
[BlackElo "2336"]
[WhiteFideId "1033069"]
[BlackFideId "24601616"]
[EventDate "2012.03.06"]

1. c4 e5 2. Nc3 f5 3. d3 Nc6 4. g3 Bb4 5. Bg2 Bxc3+ 6. bxc3 Nf6 7. Nh3 O-O 8.
O-O d6 9. f4 Re8 10. e3 h6 11. Rb1 e4 12. Nf2 Kh8 13. Qc2 Qe7 14. d4 Na5 15. c5
dxc5 16. Ba3 b6 17. dxc5 Nc4 18. Qc1 Be6 19. Re1 Rab8 20. Bf1 Nxa3 21. Qxa3 Qxc5
22. Qxc5 bxc5 23. Bb5 Red8 24. a4 Nd5 25. Bc4 Nxf4 26. Bxe6 Nxe6 27. g4 Ng5 28.
Red1 fxg4 29. Nxg4 Nf3+ 30. Kg2 Kh7 31. Nf2 Rxd1 32. Rxb8 Rg1+ 33. Kh3 Ng5+ 34.
Kh4 Nf3+ 35. Kh3 g5 36. Ng4 h5 37. Nf6+ Kg6 38. Nxh5 g4# 0-1

[Event "Reykjavik Open"]
[Site "Reykjavik ISL"]
[Date "2012.03.06"]
[Round "1.55"]
[White "Doggers, Peter"]
[Black "Michalczak, Thomas"]
[Result "1/2-1/2"]
[BlackTitle "FM"]
[WhiteElo "2265"]
[BlackElo "2326"]
[WhiteFideId "1005774"]
[BlackFideId "4622634"]
[EventDate "2012.03.06"]

1. e4 e5 2. Nf3 Nc6 3. Bb5 a6 4. Ba4 Nf6 5. O-O Be7 6. Re1 b5 7. Bb3 O-O 8. d4
d6 9. c3 Bg4 10. d5 Na5 11. Bc2 c6 12. h3 Bc8 13. dxc6 Qc7 14. Nbd2 Qxc6 15. Nf1
Be6 16. Ng3 Rfe8 17. Nh2 Rac8 18. Ng4 Nxg4 19. hxg4 h6 20. Nf5 Bf8 21. g5 hxg5
22. Bxg5 Nc4 23. b3 Na3 24. Bd3 Bxf5 25. exf5 e4 26. Bf1 Qxc3 27. Rc1 Qe5 28.
Qg4 Rxc1 29. Rxc1 d5 30. Bf4 Qf6 31. Bg5 Qd6 32. Bf4 Qf6 33. Bg5 Qe5 34. Bf4 Qb2
35. Rc7 Qf6 36. Rd7 Rd8 37. Bg5 Qxg5 38. Qxg5 Rxd7 39. f6 g6 40. f3 exf3 41.
gxf3 Nc2 42. Bd3 Ne1 43. Be2 Nc2 44. Bd3 Ne1 45. Be2 Nc2 1/2-1/2

[Event "Reykjavik Open"]
[Site "Reykjavik ISL"]
[Date "2012.03.06"]
[Round "1.56"]
[White "Larsen, Karsten"]
[Black "Gundersen, Ingvar"]
[Result "1-0"]
[WhiteTitle "FM"]
[WhiteElo "2321"]
[BlackElo "1814"]
[WhiteFideId "1404288"]
[BlackFideId "1709585"]
[EventDate "2012.03.06"]

1. e4 c5 2. Nf3 Nc6 3. Bb5 Qc7 4. O-O Nf6 5. Re1 Ne5 6. c3 a6 7. Bf1 d6 8. d4
Nxf3+ 9. Qxf3 cxd4 10. cxd4 e5 11. Nc3 Be7 12. Bg5 Be6 13. Rec1 Qd8 14. d5 Bd7
15. a4 h6 16. Bd2 g5 17. a5 g4 18. Qd3 Nh5 19. g3 Bg5 20. Na4 Bb5 21. Qc3 Bxf1
22. Kxf1 Qf6 23. Nb6 Rd8 24. Kg1 Ng7 25. Rf1 Bxd2 26. Qxd2 h5 27. f3 Qg6 28. f4
h4 29. Qg2 hxg3 30. hxg3 Rh3 31. fxe5 Nh5 32. Ra3 dxe5 33. Nc4 Qg5 34. Qf2 f6
35. Qb6 Ng7 36. Qxf6 Qxf6 37. Rxf6 Ke7 38. Rg6 Nh5 39. Re6+ Kf7 40. Nxe5+ Kg8
41. Rg6+ Kh7 42. Rxg4 Rc8 43. Kg2 1-0

[Event "Reykjavik Open"]
[Site "Reykjavik ISL"]
[Date "2012.03.06"]
[Round "1.57"]
[White "Finnbogadottir, Tinna Kristin"]
[Black "Lagerman, Robert"]
[Result "0-1"]
[BlackTitle "FM"]
[WhiteElo "1810"]
[BlackElo "2315"]
[WhiteFideId "2300214"]
[BlackFideId "2300362"]
[EventDate "2012.03.06"]

1. e4 e5 2. Nf3 Nc6 3. Bc4 Nf6 4. d3 a6 5. O-O d6 6. c3 g6 7. Nbd2 Bg7 8. h3 O-O
9. Ne1 d5 10. exd5 Nxd5 11. Ne4 Kh8 12. f4 f5 13. Ng3 Nxf4 14. Bxf4 exf4 15.
Rxf4 Qd6 16. Ne2 g5 17. Rf1 Na5 18. Bb3 Nxb3 19. Qxb3 b6 20. d4 h6 0-1

[Event "Reykjavik Open"]
[Site "Reykjavik ISL"]
[Date "2012.03.06"]
[Round "1.58"]
[White "Forsa, Elise"]
[Black "Holm, Kristian Stuvik"]
[Result "0-1"]
[WhiteElo "1789"]
[BlackElo "2290"]
[WhiteFideId "1500163"]
[BlackFideId "1508083"]
[EventDate "2012.03.06"]

1. e4 c5 2. Nf3 g6 3. d4 cxd4 4. Nxd4 Bg7 5. Be3 Nc6 6. c4 Nf6 7. Nc3 O-O 8. Be2
d6 9. O-O Nxd4 10. Bxd4 Bd7 11. Rc1 Bc6 12. Bd3 a5 13. Kh1 Nd7 14. Bxg7 Kxg7 15.
f4 Qb6 16. Qe2 Nc5 17. Bb1 a4 18. e5 f6 19. exf6+ exf6 20. h4 Rae8 21. Qd2 f5
22. Rfe1 Ne4 23. Bxe4 fxe4 24. Rcd1 Rf6 25. Re3 Rxf4 26. g3 Rf3 27. Rde1 Rxg3
28. Nd5 Bxd5 29. Qc3+ Re5 30. Rxg3 Be6 31. Rxe4 Qc6 32. Re3 Bf5 33. Qd4 Bxe4+
34. Kh2 Kg8 35. Re2 Bh1 36. Rf2 Qe4 37. Qxe4 Bxe4 38. Rd2 Re6 39. Rd4 Bc6 0-1

[Event "Reykjavik Open"]
[Site "Reykjavik ISL"]
[Date "2012.03.06"]
[Round "1.60"]
[White "Ghaderi, Arman K"]
[Black "Lemeaux, David"]
[Result "0-1"]
[WhiteElo "1772"]
[BlackElo "2287"]
[WhiteFideId "1511890"]
[BlackFideId "613843"]
[EventDate "2012.03.06"]

1. e4 c5 2. Nf3 e6 3. d4 cxd4 4. Nxd4 Nc6 5. Nb5 d6 6. c4 Nf6 7. N1c3 a6 8. Nd4
Be7 9. Be2 Qc7 10. Be3 O-O 11. O-O Bd7 12. Rc1 Nxd4 13. Qxd4 Rac8 14. Rfd1 Rfd8
15. f3 Qb8 16. b4 Be8 17. a3 Nd7 18. Na4 Nc5 19. Nxc5 dxc5 20. Qc3 Bd6 21. g3
Ba4 22. Rd3 Be5 23. Qd2 Rxd3 24. Bxd3 cxb4 25. axb4 Rd8 26. f4 Bd4 27. Bxd4 Rxd4
28. Qc3 Qd8 29. Bc2 Bc6 30. Re1 Rd2 31. Re3 f6 32. Rd3 Rxd3 33. Bxd3 Qb6+ 34.
Kg2 Qe3 35. Qc2 f5 36. b5 fxe4 37. Be2 Be8 38. bxa6 bxa6 39. Bg4 Kf7 40. c5 Bc6
41. Qa2 Bd5 42. Qxa6 Qxc5 43. Qe2 Qd4 44. Qc2 Bc4 45. Be2 Bd3 46. Qd2 Kf6 47.
Bxd3 exd3 48. Kf3 h5 49. h3 Kg6 50. Qe3 Qd5+ 51. Kf2 d2 52. f5+ exf5 53. Qe8+
Kf6 54. Qf8+ Ke6 55. Qg8+ Kd6 56. Qd8+ Kc6 57. Qa8+ Kc5 58. Qa5+ Kd6 59. Qd8+
Ke5 60. Qe7+ Kd4 61. Qxg7+ Kd3 62. Qa1 Qd4+ 63. Qxd4+ Kxd4 64. Ke2 Kc3 65. Kd1
Kd3 66. g4 f4 67. g5 f3 68. g6 f2 69. g7 f1=R# 0-1

[Event "Reykjavik Open"]
[Site "Reykjavik ISL"]
[Date "2012.03.06"]
[Round "1.61"]
[White "Friedrichs, Klaus"]
[Black "Sigurdarson, Emil"]
[Result "1-0"]
[WhiteElo "2283"]
[BlackElo "1769"]
[WhiteFideId "4654420"]
[BlackFideId "2304163"]
[EventDate "2012.03.06"]

1. d4 d5 2. c4 c6 3. cxd5 cxd5 4. Bf4 Nc6 5. e3 Nf6 6. Nc3 Bf5 7. Nf3 e6 8. Qb3
Bb4 9. Bb5 Qa5 10. O-O O-O 11. Bxc6 bxc6 12. Bc7 Qxc7 13. Qxb4 Rab8 14. Qa3 Nd7
15. Rfc1 Rfc8 16. b3 f6 17. Na4 Qa5 18. Qd6 Qc7 19. Qxc7 Rxc7 20. Nc5 Nxc5 21.
Rxc5 Kf7 22. Rac1 Rb6 23. Nd2 Ke7 24. f3 Bd3 25. Kf2 Kd6 26. e4 Ba6 27. f4 Rb5
28. e5+ Kd7 29. Rxb5 Bxb5 30. b4 fxe5 31. fxe5 Rc8 32. Rc3 Ke7 33. Nb3 Bc4 34.
Na5 Bb5 35. a3 Rc7 36. Rh3 h6 37. Rg3 Kf7 38. Nb3 Re7 39. Nc5 Bc4 40. h4 Bb5 41.
Rf3+ Kg8 42. Ke3 Bc4 43. Rf2 Bb5 44. Kd2 Bc4 45. Kc3 Bb5 46. Kc2 Bc4 47. Kc3 Bb5
48. Kc2 Bc4 49. Kb2 Bb5 50. Kc3 Bc4 51. a4 Kh7 52. Rf8 Kg6 53. Kd2 Kh5 54. Rf4
Ba2 55. Ke3 Bb1 56. Kf3 Bc2 57. Kg3 Bf5 58. Rf2 g5 59. hxg5 Kxg5 60. b5 cxb5 61.
axb5 Re8 62. Ra2 Rb8 63. Rxa7 Rxb5 64. Rg7+ Kh5 65. Kf4 Rb1 66. Re7 Rd1 67. Nxe6
Bxe6 68. Rxe6 Rxd4+ 69. Kf5 Rd1 70. g4+ Kh4 71. Rxh6+ Kg3 72. Rd6 Rf1+ 73. Ke6
Kxg4 74. Rxd5 Kg5 75. Rd2 Rg1 76. Rf2 Kg6 77. Ra2 Kg7 78. Ke7 Kg6 79. e6 Rd1 80.
Rg2+ Kf5 81. Kf7 Rh1 82. e7 Rh7+ 83. Rg7 Rh8 84. e8=Q Rxe8 85. Kxe8 Kf6 86. Re7 1-0

[Event "Reykjavik Open"]
[Site "Reykjavik ISL"]
[Date "2012.03.06"]
[Round "1.63"]
[White "Henriksson, Johan"]
[Black "Ontiveros, John"]
[Result "1-0"]
[WhiteTitle "FM"]
[WhiteElo "2279"]
[BlackElo "1763"]
[WhiteFideId "1703560"]
[BlackFideId "2303981"]
[EventDate "2012.03.06"]

1. d4 Nf6 2. Nf3 g6 3. g3 Bg7 4. Bg2 O-O 5. O-O d5 6. c4 c6 7. Ne5 Nbd7 8. Nc3
dxc4 9. Nxc4 Nb6 10. Ne5 Be6 11. e4 Nc4 12. Nxc4 Bxc4 13. Re1 e6 14. b3 Ba6 15.
e5 Nd5 16. Ne4 b5 17. Bg5 Qc7 18. Qd2 Bb7 19. Rac1 Kh8 20. h4 h5 21. Bf6 Kh7 22.
Ng5+ Kg8 23. Bxd5 exd5 24. Bxg7 Kxg7 25. e6 f6 26. e7 fxg5 27. exf8=Q+ Rxf8 28.
Qxg5 Rf7 29. Re6 1-0

[Event "Reykjavik Open"]
[Site "Reykjavik ISL"]
[Date "2012.03.06"]
[Round "1.65"]
[White "Kristinardottir, Elsa Maria"]
[Black "Thompson, Ian D"]
[Result "0-1"]
[BlackTitle "FM"]
[WhiteElo "1734"]
[BlackElo "2255"]
[WhiteFideId "2300370"]
[BlackFideId "405205"]
[EventDate "2012.03.06"]

1. e4 e6 2. d4 d5 3. exd5 exd5 4. Bd3 c5 5. dxc5 Bxc5 6. Nf3 Nf6 7. Qe2+ Be7 8.
O-O O-O 9. Bg5 Nc6 10. Re1 Bg4 11. Nbd2 h6 12. Bh4 Qb6 13. Rab1 Rad8 14. h3 Be6
15. a3 Rd7 16. c4 Nh5 17. Bxe7 Rxe7 18. Qe3 Qc7 19. Qc5 Rd8 20. cxd5 Rxd5 21.
Qc2 Qd8 22. Be4 Nd4 23. Nxd4 Rxd4 24. Nf3 Rc4 25. Qd2 Rd7 26. Qe3 Nf6 27. Qf4
Nxe4 28. Rxe4 Rxe4 29. Qxe4 Bd5 30. Qf4 Qb6 31. Rc1 Rd8 32. b4 Be6 33. Qe4 a5
34. bxa5 Qxa5 35. Qxb7 Qxa3 36. Rb1 Qc3 37. Qb2 Qc7 38. Ne5 Qa7 39. Qb5 Qc7 40.
Qb6 Rd1+ 0-1

[Event "Reykjavik Open"]
[Site "Reykjavik ISL"]
[Date "2012.03.06"]
[Round "1.66"]
[White "Karlsson, Bjorn-Ivar"]
[Black "Fridthjofsdottir, Sigurl. Regina"]
[Result "1-0"]
[WhiteElo "2250"]
[BlackElo "1731"]
[WhiteFideId "2301687"]
[BlackFideId "2300788"]
[EventDate "2012.03.06"]

1. d4 d5 2. Nf3 e6 3. c4 Nf6 4. Nc3 Be7 5. Bg5 O-O 6. e3 a6 7. cxd5 exd5 8. Bd3
Bg4 9. Qc2 Nbd7 10. Ne5 Bh5 11. Nxd7 Qxd7 12. Bxf6 Bxf6 13. Bxh7+ Kh8 14. Bf5
Qc6 15. g4 Bxg4 16. Bxg4 Rfe8 17. O-O-O b5 18. Bf3 Qd6 19. Nxd5 Rad8 20. Nxf6
Qxf6 21. Bc6 Re7 22. Kb1 Rb8 23. e4 b4 24. e5 Qf4 25. Rd3 Kg8 26. Bd5 a5 27. Rg1
Kf8 28. Rh3 1-0

[Event "Reykjavik Open"]
[Site "Reykjavik ISL"]
[Date "2012.03.06"]
[Round "1.67"]
[White "Sigurdsson, Birkir Karl"]
[Black "Jensson, Einar Hjalti"]
[Result "0-1"]
[WhiteElo "1716"]
[BlackElo "2245"]
[WhiteFideId "2304180"]
[BlackFideId "2301067"]
[EventDate "2012.03.06"]

1. e4 g6 2. d4 Bg7 3. Nf3 d6 4. c4 Nd7 5. Nc3 e5 6. Be3 Ne7 7. d5 O-O 8. Qd2 f5
9. exf5 gxf5 10. Bh6 Nf6 11. Bxg7 Kxg7 12. Be2 Bd7 13. b4 Kh8 14. g3 Qe8 15. h3
a6 16. Rc1 Ng6 17. Nd1 f4 18. c5 fxg3 19. fxg3 Ne4 20. Qb2 Nxg3 21. Rg1 Nxe2 22.
Qxe2 Nf4 0-1

[Event "Reykjavik Open"]
[Site "Reykjavik ISL"]
[Date "2012.03.06"]
[Round "1.68"]
[White "Vaarala, Eric"]
[Black "Leite, Steinar"]
[Result "1-0"]
[WhiteElo "2241"]
[BlackElo "1707"]
[WhiteFideId "1711962"]
[BlackFideId "1510428"]
[EventDate "2012.03.06"]

1. e4 e5 2. Nf3 Nc6 3. Bb5 f5 4. d3 fxe4 5. dxe4 Nf6 6. O-O Bc5 7. Bg5 d6 8. Nc3
Be6 9. Nd5 a6 10. Ba4 O-O 11. Bb3 Qd7 12. Bxf6 gxf6 13. c3 Kh8 14. Nh4 Na5 15.
Qh5 Qg7 16. Ne7 Qf7 17. Nhg6+ Kg7 18. Bxe6 hxg6 19. Nf5+ gxf5 20. Bxf7 fxe4 1-0

[Event "Reykjavik Open"]
[Site "Reykjavik ISL"]
[Date "2012.03.06"]
[Round "1.70"]
[White "Haarr, Jon Kristian"]
[Black "Hardarson, Jon Trausti"]
[Result "1-0"]
[WhiteElo "2226"]
[BlackElo "1688"]
[WhiteFideId "1505963"]
[BlackFideId "2302594"]
[EventDate "2012.03.06"]

1. e4 e5 2. f4 d5 3. exd5 exf4 4. Nf3 Nf6 5. Bb5+ c6 6. dxc6 Nxc6 7. d4 Qe7+ 8.
Qe2 Qxe2+ 9. Kxe2 Bd6 10. d5 a6 11. Ba4 b5 12. dxc6 bxa4 13. Rd1 Bc7 14. Rd4 O-O
15. Bxf4 Re8+ 16. Kd1 Bb6 17. Rxa4 Bg4 18. Nd2 Bf2 19. Kc1 Nd5 20. Bg3 Bxf3 21.
Nxf3 Bxg3 22. hxg3 Re2 23. Rd4 Ne7 24. c7 Nf5 25. Rd8+ Re8 26. Rxa8 Rxa8 27. Kd2
Rc8 28. g4 Nd6 29. Re1 Rxc7 30. b3 g6 31. c4 f5 32. gxf5 Nxf5 33. Kc3 Kg7 34. g4
Nd6 35. Re6 Rc6 36. Re7+ 1-0

[Event "Reykjavik Open"]
[Site "Reykjavik ISL"]
[Date "2012.03.06"]
[Round "1.71"]
[White "Leosson, Atli Johann"]
[Black "Hobber, Anders"]
[Result "0-1"]
[WhiteElo "1682"]
[BlackElo "2224"]
[WhiteFideId "2308533"]
[BlackFideId "1505424"]
[EventDate "2012.03.06"]

1. e4 e6 2. d4 d5 3. exd5 exd5 4. Nf3 Nc6 5. Nc3 Bg4 6. Be2 Qd7 7. Bf4 Bb4 8. a3
Bxc3+ 9. bxc3 Nge7 10. Ne5 Nxe5 11. Bxe5 Bxe2 12. Qxe2 f6 13. Bf4 O-O-O 14. O-O
Rde8 15. Qd3 Qg4 16. Qg3 Qxg3 17. Bxg3 Nc6 18. Rfe1 Na5 19. Bf4 Nc4 20. Be3 Re6
21. a4 Rhe8 22. Kf1 Nxe3+ 23. Rxe3 Rxe3 24. fxe3 Rxe3 25. Ra3 a5 26. Rb3 c6 27.
Kf2 Re7 28. Rb1 Kc7 29. Rd1 b5 30. Ra1 Kb6 31. Rb1 Ka6 32. Ra1 b4 33. cxb4 axb4
34. Rb1 Ka5 35. Rb3 Kxa4 36. Rd3 Kb5 37. Rh3 g6 0-1

[Event "Reykjavik Open"]
[Site "Reykjavik ISL"]
[Date "2012.03.06"]
[Round "1.72"]
[White "Gikas, Andreas Basilius"]
[Black "Johannesson, Oliver"]
[Result "1-0"]
[WhiteElo "2219"]
[BlackElo "1677"]
[WhiteFideId "4623509"]
[BlackFideId "2305623"]
[EventDate "2012.03.06"]

1. e4 c5 2. Nf3 Nc6 3. d4 cxd4 4. Nxd4 e5 5. Nb5 d6 6. N1c3 a6 7. Na3 b5 8. Nab1
Be6 9. a4 Qa5 10. b4 Nxb4 11. Bb2 bxa4 12. Rxa4 Qb6 13. Bb5+ Nc6 14. Ba3 a5 15.
O-O Nf6 16. Qd3 Bd7 17. Bxd6 Nd4 18. Bxd7+ Nxd7 19. Bxf8 Kxf8 20. Nd5 Qd6 21.
Nd2 Nc5 22. Qa3 Rc8 23. Rxa5 Nb7 24. Ra8 Rxa8 25. Qxa8+ Nd8 26. Nc4 Qd7 27. Qa3+ 1-0

[Event "Reykjavik Open"]
[Site "Reykjavik ISL"]
[Date "2012.03.06"]
[Round "1.73"]
[White "Edakina, Maria"]
[Black "Langer, Michael"]
[Result "0-1"]
[BlackTitle "FM"]
[WhiteElo "1657"]
[BlackElo "2217"]
[WhiteFideId "4156153"]
[BlackFideId "2015064"]
[EventDate "2012.03.06"]

1. e4 c5 2. Nf3 d6 3. d4 cxd4 4. Nxd4 Nf6 5. Nc3 a6 6. Be2 e5 7. Nf3 Qc7 8. O-O
Be7 9. Bg5 Nbd7 10. Qd2 h6 11. Bxf6 Nxf6 12. Rfd1 O-O 13. h3 Qc5 14. Nh2 b5 15.
Ng4 Bb7 16. Nxf6+ Bxf6 17. Qxd6 Qa7 18. Nd5 Bh4 19. Qb6 Qb8 20. Bg4 Rd8 21. Qc5
Rd6 22. Nf6+ Rxf6 23. g3 Rc6 24. Qb4 Rc4 25. Qb3 Bd8 26. Be2 Rd4 27. Bh5 Qc7 28.
Rxd4 exd4 29. Re1 Qc4 30. Qf3 g6 31. Bg4 h5 0-1

[Event "Reykjavik Open"]
[Site "Reykjavik ISL"]
[Date "2012.03.06"]
[Round "1.75"]
[White "Brynjarsson, Eirikur Orn"]
[Black "Arjun, Bharat"]
[Result "0-1"]
[BlackTitle "CM"]
[WhiteElo "1638"]
[BlackElo "2210"]
[WhiteFideId "2301580"]
[BlackFideId "5032725"]
[EventDate "2012.03.06"]

1. e4 c5 2. Nf3 d6 3. d4 cxd4 4. Nxd4 Nf6 5. Nc3 g6 6. Bd3 Bg7 7. O-O O-O 8. h3
Nc6 9. Nb3 Be6 10. Be3 Ne5 11. f4 Nc4 12. Qc1 Nxe3 13. Qxe3 Qb6 14. Qxb6 axb6
15. Rae1 Nd7 16. f5 Bxb3 17. axb3 Bxc3 18. bxc3 Ne5 19. Ra1 Rfc8 20. c4 f6 21.
g4 g5 22. Kg2 Ra5 23. Rxa5 bxa5 24. Ra1 b6 25. Kf2 Kf7 26. Ke3 Ke8 27. Be2 Kd7
28. c3 Kc6 29. Kd4 Kb7 30. Ke3 Rd8 31. Ra2 Kc7 32. Ra1 Nd7 33. Bd1 Kc6 34. Kd4
Nc5 35. b4 e5+ 36. Ke3 Nb7 37. Ba4+ Kc7 38. Bb5 Ra8 39. Kf3 h5 40. Kg3 Kc8 41.
Bc6 Nd8 42. Bd5 hxg4 43. hxg4 Nb7 44. Bxb7+ Kxb7 45. bxa5 Rc8 46. a6+ Ka7 47.
Ra4 Rc5 48. Rb4 Kxa6 49. Kf3 Ka5 50. Ke3 b5 51. Kd3 bxc4+ 52. Rxc4 Kb6 53. Ra4
d5 54. exd5 Rxd5+ 55. Ke4 Rd8 56. Rc4 Rd6 57. Rc8 Rc6 58. Rf8 Kc5 59. Ra8 Rd6
60. Rc8+ Kb6 61. Re8 Kc7 62. Re7+ Kd8 63. Ra7 Ke8 64. Rc7 Rd1 65. Rc6 Ke7 66.
Re6+ Kf7 67. Ke3 Rg1 68. Kf3 Rc1 69. Ke3 0-1